000 00845nam a22002897a 4500
003 CHAP
005 20220329135507.0
008 971013s1961 r 00010 d
010 _a37529
011 _a38501
035 _a42621
040 _cCHAP
082 _a621.26
_bP37 1961
100 0 0 _aParres, José L. de.
_985760
245 _aMáquinas hidráulicas
250 _a3 ed.
260 _aMéxico :
_bMagazine,
_c1961
300 _a375 p.
_b: ilus.
590 _aBATCH-UPD
_b10
_c20130110
_lUCH01
_h1624
590 _aBATCH-UPD
_b10
_c20130410
_lUCH01
_h1018
590 _aBATCH-UPD
_b10
_c20130914
_lUCH01
_h1757
590 _aCONVERSION
_b10
_c20130109
_lUCH01
_h1321
650 1 4 _aMaquinaria hidráulica.
_971217
901 _aBK
942 _cLIBRO
949 _a621.26 P37 1961
_bBC
_cLIBRO
_d33724000015046
_eLIBRO
_h18719
_i42621
_si
_t70.00
999 _c37529
_d37529